000 01462cam a22003011i 4500
003 SA-RiAUC
005 20250627150436.0
008 250626s1985 ku g d i000 0 ara c
020 _a9789775017567
040 _aJO-AmJU
_bara
_cSA-RiAUC
_erda
082 0 4 _a413
_qSA-RiAUC
090 _a413
_bص ل ا
100 1 _aصلاح الدين الصفدي، خليل بن أيبك بن عبد الله،
_d696-764 هجري
_eمؤلف.
245 1 0 _aغوامض الصحاح /
_cصلاح الدين خليل بن أيبك الصفدي ؛ تحقيق عبد الإله نبهان.
250 _aالطبعة الأولى.
264 1 _aالكويت :
_bالمنظمة العربية للتربية والثقافة والعلوم، معهد المخطوطات العربية،
_c1985
300 _a304 صفحة ؛
_c24 سم.
336 _aنص
_btxt
_2rdacontent
_3كتاب
337 _aبدون وسيط
_bn
_2rdamedia
338 _aمجلد
_bnc
_2rdacarrier
490 1 _aسلسلة كتب التراث ؛
_v9
650 7 _aاللغة العربية
_vمعاجم
_2aucsh
700 1 _aنبهان، عبد الإله أحمد،
_d1945-2020
_eمحقق.
700 1 2 _aالجوهري، إسماعيل بن حماد الجوهري،
_dتوفي 393 هجري
830 0 _aسلسلة كتب التراث / المنظمة العربية للتربية والثقافة والعلوم (الكويت)
_v9
942 _2ddc
_cBOOK
_n0
949 _aSA-JeALM
_d250626
_uosman123
_n1
999 _c9241
_d9241